Issues in syntax of determiner phrases in bangla (Record no. 1238278)

MARC details
000 -LEADER
fixed length control field 00821nam a22002417a 4500
005 - DATE AND TIME OF LATEST TRANSACTION
control field 20250128133644.0
008 - FIXED-LENGTH DATA ELEMENTS--GENERAL INFORMATION
fixed length control field 250128b |||||||| |||| 00| 0 eng d
020 ## - INTERNATIONAL STANDARD BOOK NUMBER
International Standard Book Number 978-90-04-52978-6 (hbk)
037 ## - SOURCE OF ACQUISITION
Terms of availability TB
040 ## - CATALOGING SOURCE
Original cataloging agency CRL
Transcribing agency CRL
041 ## - LANGUAGE CODE
Source of code eng
Language code of text/sound track or separate title eng
084 ## - COLON CLASSIFICATION NUMBER
Classification number P157:3 111R3
Assigning agency CRL
100 ## - MAIN ENTRY--PERSONAL NAME
Personal name Guha, Ambalika
9 (RLIN) 734851
245 ## - TITLE STATEMENT
Title Issues in syntax of determiner phrases in bangla
260 ## - PUBLICATION, DISTRIBUTION, ETC.
Place of publication, distribution, etc. Leiden, The Netherlands:
Name of publisher, distributor, etc. Brill
Date of publication, distribution, etc. 2023
300 ## - PHYSICAL DESCRIPTION
Extent xiv, 130p.
365 ## - TRADE PRICE
Price amount 89.00
Currency code EURO
490 ## - SERIES STATEMENT
Series statement Empirical approaches to linguistic theory; Edited by Brian D. Joseph
650 ## - SUBJECT ADDED ENTRY--TOPICAL TERM
Topical term or geographic name entry element Linguistics
653 ## - INDEX TERM--UNCONTROLLED
Uncontrolled term Linguistics
942 ## - ADDED ENTRY ELEMENTS (KOHA)
Source of classification or shelving scheme Colon Classification (CC)
Koha item type Textbook
Classification part P157:3 111R3
Suppress in OPAC No
Holdings
Withdrawn status Lost status Source of classification or shelving scheme Damaged status Not for loan Home library Current library Date acquired Source of acquisition Inventory number Total Checkouts Full call number Barcode Date last seen Price effective from Koha item type
    Colon Classification (CC)     Central Library Central Library 2025-01-28 Segment Book Distributors 69423 & 2025-01-07   P157:3 111R3 CL1682450 2025-01-28 2025-01-28 Textbook
Copyright @ Delhi University Library System